000 00543nam a2200229Ia 4500
003 IT-RoPAU
008 120407s9999 xx 000 0 und d
040 _aIT-RoPAU
040 _cIT-RoPAU
041 _aita
100 _aGabriele D’Annunzio
245 _aPoesie-Teatro-Prose. A cura di Mario Praz e Ferd. Gerra
250 _aMilano - Napoli
260 _aRicciardi
260 _c1966
300 _a1240 p.
300 _c22,5 cm
490 _aLa letteratura It.,Storia e testi
490 _v62
942 _cBK
999 _c24883
_d24883